[Event "Hajduboszormeny op"]
[Site "Hajduboszormeny"]
[Date "1995.??.??"]
[Round "7"]
[White "Kovacs, Gabor M"]
[Black "Tamasi, Albert"]
[Result "0-1"]
[WhiteElo "2285"]
[BlackElo "2280"]
[PlyCount "108"]
[EventDate "1995.??.??"]
[EventType "swiss"]
[EventRounds "9"]
[EventCountry "HUN"]
[SourceTitle "EXT 1997"]
[Source "ChessBase"]
[SourceDate "1996.11.15"]
[SourceVersion "1"]
[SourceVersionDate "1996.11.15"]
[SourceQuality "1"]

1. d4 Nf6 2. Nf3 g6 3. g3 Bg7 4. Bg2 c5 5. d5 d6 6. c4 b5 7. cxb5 a6 8. b6 Qxb6 9. Nc3 0-0 10. 0-0 a5 11. e4 Ba6 12. Re1 Nbd7 13. e5 Ng4 14. e6 Nde5 15. Nxe5 Nxe5 16. Bg5 f6 17. Na4 Qa7 18. Bd2 Nd3 19. Re3 f5 20. Bc3 Bxc3 21. bxc3 c4 22. Bf1 f4 23. gxf4 Nxf4 24. Rb1 Rf5 25. Nb6 Rb8 26. Qd4 Qc7 27. Rf3 Nxe6 28. Qe3 Rxf3 29. Qxf3 Ng7 30. Nd7 Rd8 31. Bh3 Rxd7 32. Bxd7 Qxd7 33. Rb8+ Ne8 34. Qe4 Bb5 35. Ra8 Kf7 36. Rxa5 Qb7 37. Qe6+ Kf8 38. Qe4 Nf6 39. Qd4 Bd7 40. Qxc4 Qb1+ 41. Kg2 Qc1 42. Qh4 h5 43. Ra8+ Kf7 44. Ra7 Bf5 45. h3 Bb1 46. Kh2 Bd3 47. Qg3 Be4 48. f3 Qd2+ 49. Qg2 Qe3 50. Rxe7+ Kxe7 51. fxe4 Qxe4 52. Qb2 Qxd5 53. a4 Ne4 54. a5 Qxa5 0-1

[Event "Hajduboszormeny k.o."]
[Site "Hajduboszormeny"]
[Date "1995.??.??"]
[Round "2"]
[White "Kovacs, Gabor M"]
[Black "Tegzes, Laszlo"]
[Result "1/2-1/2"]
[WhiteElo "2285"]
[BlackElo "2180"]
[PlyCount "86"]
[EventDate "1995.??.??"]
[EventType "k.o."]
[EventRounds "5"]
[EventCountry "HUN"]
[SourceTitle "EXT 1997"]
[Source "ChessBase"]
[SourceDate "1996.11.15"]
[SourceVersion "1"]
[SourceVersionDate "1996.11.15"]
[SourceQuality "1"]

1. Nf3 Nf6 2. c4 g6 3. g3 Bg7 4. Bg2 d6 5. Nc3 0-0 6. 0-0 Nc6 7. Rb1 a6 8. b4 e5 9. d3 Rb8 10. b5 axb5 11. Nxb5 Be6 12. Qc2 h6 13. Nd2 Qd7 14. Re1 Ne7 15. Ba3 Nf5 16. c5 Rfd8 17. Nc4 Ne8 18. cxd6 Nfxd6 19. Nbxd6 Nxd6 20. Bxd6 cxd6 21. Nb6 Qe7 22. Rec1 d5 23. Qa4 Qd6 24. Qa5 Bf8 25. Rb5 e4 26. dxe4 dxe4 27. Bxe4 Qd2 28. Qxd2 Rxd2 29. Rc2 Rxc2 30. Bxc2 Bxa2 31. Be4 Be6 32. Bd5 Bh3 33. f4 Re8 34. e4 Be6 35. Bxb7 Rb8 36. Nd5 Bxd5 37. exd5 Bd6 38. Kg2 Kf8 39. Kf3 Ke7 40. Ke4 Kd8 41. Bc6 Rxb5 42. Bxb5 f6 43. Be2 Ke7 1/2-1/2

[Event "HUN-chT2 9293"]
[Site "Hungary"]
[Date "1993.??.??"]
[Round "?"]
[White "Kovacs, Gabor M"]
[Black "Meszaros, Andras"]
[Result "1/2-1/2"]
[WhiteElo "2320"]
[BlackElo "2345"]
[PlyCount "141"]
[EventDate "1992.??.??"]
[EventType "team"]
[EventRounds "12"]
[EventCountry "HUN"]
[SourceTitle "TD"]
[Source "ChessBase"]
[SourceDate "1994.03.01"]
[SourceVersion "1"]
[SourceVersionDate "1994.03.01"]
[SourceQuality "1"]

1. d4 d5 2. Nf3 c5 3. c3 Qb6 4. Qb3 Nf6 5. g3 Nc6 6. dxc5 Qxc5 7. Bg2 e6 8. Na3 Be7 9. 0-0 0-0 10. Be3 Qa5 11. Nb5 Bd7 12. a4 e5 13. Rfd1 Ng4 14. Bd2 Qb6 15. e3 Rac8 16. Be1 Be6 17. Qc2 a6 18. Na3 d4 19. exd4 Bb3 20. Qe2 Rfe8 21. d5 Bxd1 22. Rxd1 Bxa3 23. dxc6 Qxb2 24. Qxb2 Bxb2 25. Rb1 Ba3 26. cxb7 Rb8 27. h3 Nf6 28. Nd2 Re7 29. Ne4 Nd7 30. Rb3 Bc5 31. c4 f5 32. Nxc5 Nxc5 33. Bd5+ Kf8 34. Rb6 Rexb7 35. Bxb7 Rxb7 36. Bb4 Rc7 37. Rxa6 Kf7 38. Ra5 Nd3 39. Bd6 Rxc4 40. Bxe5 g5 41. Bb8 Rc1+ 42. Kh2 Ke6 43. g4 f4 44. Rxg5 Rc2 45. Ba7 Ne1 46. Kh1 Rc1 47. Rc5 Ra1 48. Rc3 Kd5 49. Kh2 Rxa4 50. Bb8 Ke4 51. h4 Nd3 52. Kg2 h5 53. gxh5 Ra2 54. Rxd3 Kxd3 55. Bxf4 Ke4 56. Be3 Ra8 57. h6 Rf8 58. Kg3 Rg8+ 59. Bg5 Kf5 60. Kf3 Ra8 61. Be3 Ra4 62. Bg5 Kg6 63. Kg3 Ra6 64. Kg4 Ra1 65. h5+ Kf7 66. Be3 Ra4+ 67. Kg5 Ra5+ 68. Kg4 Rd5 69. Bg5 Rd1 70. Be3 Kf6 71. Bg5+ 1/2-1/2

[Event "HUN-chT2 9293"]
[Site "Hungary"]
[Date "1993.??.??"]
[Round "?"]
[White "Kovacs, Gabor M"]
[Black "Rosta, Sandor"]
[Result "1/2-1/2"]
[WhiteElo "2320"]
[BlackElo "2260"]
[PlyCount "41"]
[EventDate "1992.??.??"]
[EventType "team"]
[EventRounds "12"]
[EventCountry "HUN"]
[SourceTitle "TD"]
[Source "ChessBase"]
[SourceDate "1994.03.01"]
[SourceVersion "1"]
[SourceVersionDate "1994.03.01"]
[SourceQuality "1"]

1. d4 Nf6 2. Nf3 c5 3. c3 e6 4. Bg5 Be7 5. Nbd2 cxd4 6. cxd4 Nc6 7. e3 b6 8. a3 0-0 9. Bd3 a5 10. Qe2 Bb7 11. Rc1 h6 12. Bh4 Rc8 13. 0-0 d6 14. Ba6 Bxa6 15. Qxa6 Nd7 16. Bxe7 Nxe7 17. Nc4 Rc6 18. Qb7 Rc7 19. Qa6 Rc6 20. Qb7 Rc7 21. Qa6 1/2-1/2

[Event "HUN-chT2 9293"]
[Site "Hungary"]
[Date "1993.??.??"]
[Round "?"]
[White "Kozma, Karoly"]
[Black "Kovacs, Gabor M"]
[Result "1-0"]
[WhiteElo "2320"]
[BlackElo "2320"]
[PlyCount "91"]
[EventDate "1992.??.??"]
[EventType "team"]
[EventRounds "12"]
[EventCountry "HUN"]
[SourceTitle "TD"]
[Source "ChessBase"]
[SourceDate "1994.03.01"]
[SourceVersion "1"]
[SourceVersionDate "1994.03.01"]
[SourceQuality "1"]

1. d4 Nf6 2. c4 e6 3. g3 d5 4. Bg2 Be7 5. Nf3 0-0 6. 0-0 b6 7. cxd5 exd5 8. Nc3 Bb7 9. Ne5 Nbd7 10. Qa4 c5 11. Nxd7 Nxd7 12. Nxd5 cxd4 13. Qxd4 Bc5 14. Qd1 Re8 15. Bf4 Ba6 16. Nc3 Nf6 17. Qa4 Bxe2 18. Nxe2 Rxe2 19. Rad1 Qf8 20. b4 Be7 21. Bxa8 Qxa8 22. Rde1 Re4 23. Rxe4 Qxe4 24. Qxa7 h6 25. Qb8+ Kh7 26. Qxb6 Bxb4 27. Qe3 Qf5 28. Kg2 g5 29. Bb8 Ne4 30. Qd3 Bc5 31. f3 Nxg3 32. Qxf5+ Nxf5 33. Rb1 Nh4+ 34. Kg3 Nf5+ 35. Kg2 Nh4+ 36. Kg3 Nf5+ 37. Kh3 Nd4 38. Rb7 Kg6 39. Kg2 Nf5 40. a4 Nh4+ 41. Kg3 f5 42. f4 Kh5 43. a5 Ng6 44. a6 Be3 45. a7 gxf4+ 46. Bxf4 1-0